Finance and Development, September 1971.

This paper focuses on currency convertibility and the exchange rate system. The paper explains some of the factors involved in extending the freedom of currency convertibility, one of the IMF's principal policy aims. It highlights that the IMF's Articles of Agreement make the distinction b...

ver descrição completa

Detalhes bibliográficos
Autor Corporativo: International Monetary Fund. External Relations Dept
Formato: Periódico
Idioma:English
Publicado em: Washington, D.C. : International Monetary Fund, 1971.
Colecção:Finance and Development; Finance and Development ; No. 0008/003
Acesso em linha:Full text available on IMF
LEADER 01608cas a2200229 a 4500
001 AALejournalIMF011527
008 230101c9999 xx r poo 0 0eng d
020 |z 9781616353049 
022 |a 0145-1707 
040 |a BD-DhAAL  |c BD-DhAAL 
110 2 |a International Monetary Fund.  |b External Relations Dept. 
245 1 0 |a Finance and Development, September 1971. 
264 1 |a Washington, D.C. :  |b International Monetary Fund,  |c 1971. 
300 |a 1 online resource (67 pages) 
490 1 |a Finance and Development 
500 |a <strong>Off-Campus Access:</strong> No User ID or Password Required 
500 |a <strong>On-Campus Access:</strong> No User ID or Password Required 
506 |a Electronic access restricted to authorized BRAC University faculty, staff and students 
520 3 |a This paper focuses on currency convertibility and the exchange rate system. The paper explains some of the factors involved in extending the freedom of currency convertibility, one of the IMF's principal policy aims. It highlights that the IMF's Articles of Agreement make the distinction between currency convertibility for residents and for nonresidents, but make it an obligation in principle to avoid restrictions on current payments of both categories. The paper also discusses management in developing countries as well as the link between growth and structural change. 
538 |a Mode of access: Internet 
830 0 |a Finance and Development; Finance and Development ;  |v No. 0008/003 
856 4 0 |z Full text available on IMF  |u http://elibrary.imf.org/view/journals/022/0008/003/022.0008.issue-003-en.xml  |z IMF e-Library